000 00545nam a2200181Ia 4500
003 GCL
008 140319s9999 xx 000 0 ara d
040 _aGCL /
_cGCL
082 0 4 _a920.72
_bم س
100 1 _aموسى الخطيب
245 1 0 _aسيدات نساء اهل السنه /
_cموسى الخطيب
260 _a[S.N] :
_bدار التضامن للطباعة والنشر والتوزيع ،
_c1992
300 _a139 ص
490 _a
650 0 4 _aالمرأة
650 0 4 _aالمرأة فى الاسلام
942 _2ddc
_cBK
999 _c27905
_d27905